| 000 | 00607nam a22002057a 4500 | ||
|---|---|---|---|
| 003 | LC | ||
| 005 | 20160314151001.0 | ||
| 008 | 121119t xxu||||| |||| 00| 0 eng d | ||
| 020 | _a0002712695 | ||
| 050 |
_aPS 3569 .M5377 _b.Sm642 1989 |
||
| 082 |
_aFIC _bSm6p 1989 |
||
| 100 |
_aSmith, Martin Cruz _918810 |
||
| 245 |
_aPolar Star / _cMartin Cruz Smith |
||
| 260 |
_aLondon : _bCollins Harvill, _c1989. |
||
| 300 |
_a373 p. : _c25 cm |
||
| 650 | _aRenko, Arkady (Fictitious character) -- Fiction. | ||
| 650 | _aPolice -- Russia (Federation) -- Siberia -- Fiction. | ||
| 942 |
_2lcc _cBK |
||
| 999 |
_c11073 _d11073 |
||